Datum a čas kvízu
34.5
Celkem bodů
Celkový počet nahraných bodů na tomto kvízu bez doplňovacích otázek.
5.
Pořadí na kvízu
Konečné umístění týmu na tomto kvízu.
Zaznamenané odpovědi
| # | Otázka | Odpověď | Body | Výsledky |
|---|---|---|---|---|
| 1. | Ředitel pražské zoologické zah... | Miroslav Bobek | 0 | |
| 2. | Sarah Mullally stanula minulý... | o anglikánskou církev | 1 | |
| 3. | Minulý pátek vyšlo již 12. stu... | The Life of a Showgirl | 1 | |
| 4. | Minulý týden jsme se dozvěděli... | Allwyn | 0 | |
| 5. | Nejvyšší česká fotbalová liga... | FC Viktoria Plzeň, FK Pardubice | 1 | |
| 6. | Wikipedii s nejvyšší pravděpod... | z havajštiny | 1 | |
| 7. | Fanoušci kvízu občas jistě se... | D | 0 | |
| 8. | Dobrým zdrojem informací jsou... | Jsi chytřejší než páťák? | 0 | |
| 9. | Mnemotechnické pomůcky se hodí... | struny na kytaře (pořadí strun/tónů) | 1 | |
| 10. | Někdy však k úspěchu v kvízu s... | 1B 2C 3D 4A | 1 |